000
00322 a2200145 4500
001
174667
020
_a
040
_c
Magnum
100
_a
Davidson, Alice Joyce
240
1
0
_a
A historia da ovelha desgarrada
_l
por
245
1
0
_a
A historia da ovelha desgarrada
362
0
_a
1899
697
_a
IJ/POESIA
942
_c
BK
999
_c
174667
_d
174667